000 00402cam a22001097a 4500
008 180718b1982 xxu||||| |||| 00| 0 eng d
082 _aT312x54 In2re
245 _aReport of the study group on financing of the private corporate sector in the sixth five year plan
_cby Planning Commission, India
260 _aNew Delhi
_bGovernment of India
_c1982
300 _a121p
700 _aIndia. Planning Commission
999 _c497916
_d497916